• 首页
  • 本馆介绍
  • 公告通知
  • 最新文献
  • 馆藏检索
  • 电子资源
  • 读者导购
  • 参考咨询
  • 我的图书馆
  • 登录
  • 详细信息显示
  • 放入我的书架
  • 预约/预借图书
  • 作者相关作品
  • 分类相关作品
  • 丛书相关作品
  • 出版社相关作品

书目信息

  • 表格格式
  • 工作单格式
  • 卡片格式
题名:
自然灾害
    
 
作者: 陈颙 , 史培军 编著
分册:  
出版信息: 北京   北京师范大学出版社  2007
页数: 418页
开本: 23cm
丛书名:
单 册:
中图分类: X43
科图分类:
主题词: 自然灾害--高等学校--教材
电子资源:
ISBN: 978-7-303-08872-0
000 00888nam0 2200277 450
001 012007104919
005 20091202091820.23
010    @a978-7-303-08872-0@dCNY48.00
100    @a20080102d2007 em y0chiy0110 ea
101 0  @achi
102    @aCN@b110000
105    @aab z 001yy
106    @ar
200 1  @a自然灾害@9zi ran zai hai@f陈颙,史培军编著
210    @a北京@c北京师范大学出版社@d2007
215    @a418页@c照片,图,地图@d23cm
300    @a新世纪高等学校教材
320    @a有索引
330    @a本书涉及地震、海啸、火山、气象、洪水、滑坡和泥石流、空间等多种自然灾害,主要内容包括:地球系统和自然灾害、地震灾害、海啸灾害等九章。
510 1  @aNatural disaster@zeng
606 0  @a自然灾害@x高等学校@j教材
690    @aX43@v4
701  0 @a陈颙@9chen yong@4编著
701  0 @a史培军@9shi pei jun@4编著
801  0 @aCN@bRENTIAN@c20091202
905    @b794365-70@dX43@e93@f6
    
    自然灾害/陈颙,史培军编著.-北京:北京师范大学出版社,2007
    418页:照片,图,地图;23cm
    新世纪高等学校教材
    
    ISBN 978-7-303-08872-0:CNY48.00
    本书涉及地震、海啸、火山、气象、洪水、滑坡和泥石流、空间等多种自然灾害,主要内容包括:地球系统和自然灾害、地震灾害、海啸灾害等九章。
●
相关链接 在E读中查询图书 在五车中查询图书 在当当中查询图书 在豆瓣中查询图书


正题名:自然灾害     索取号:X43/93         预约/预借

序号 登录号 条形码 馆藏地/架位号 状态 备注
1 794365   207943653   第二样本阅览室/ [索取号:X43/93] 在馆    
2 794366   207943662   第三借阅区/ [索取号:X43/93] 在馆    
3 794367   207943671   第三借阅区/ [索取号:X43/93] 在馆    
4 794368   207943680   第三借阅区/ [索取号:X43/93] 在馆    
5 794369   207943699   第三借阅区/ [索取号:X43/93] 在馆    
6 794370   207943706   资源管理系资料室/ [索取号:X43/93] 在馆    
唐山师范学院图书馆 欢迎您!
大连网信软件有限公司© 版权所有